Pridaná hodnota európskej bezpečnosti

Bibliographic Details
Main Author: Vitko, Pavol, 1964- (Author, Interviewer)
Format: Article
Language:Slovak
PhysicalDescription:Fotogr.
ISSN:1336-1910
Subjects:
Online Access:http://www.mosr.sk/data/disk/casopis/Obrana_10_2017.pdf

MARC

LEADER 00000nab a2200000 a 4500
001 vtls011717723
003 SK-MaSNL
005 20260304035240.0
008 171027 2017 xo 000 0 slo
015 |a SNBRB2017/10  |2 LMAOSK 
040 |a LMAOSK  |b slo  |c LMAOSK  |e AACR2 
041 0 |a slo 
043 |a e------ 
044 |a xo  |c SK 
080 |a 355.02  |2 2011 
080 |a 327.5  |2 2011 
080 |a (046)  |2 2011 
100 1 |a Vitko, Pavol,  |d 1964-  |4 ivr  |4 aut  |9 219103 
245 1 0 |a Pridaná hodnota európskej bezpečnosti  |c Pavol Vitko 
300 |b Fotogr. 
600 1 7 |a Parízek, Lukáš  |2 LMAOSK  |9 1318950 
610 2 7 |a Európska únia  |2 SNKKA  |9 29861 
650 0 7 |a bezpečnostná politika  |2 SNKPH  |9 1647 
650 0 7 |a medzinárodná bezpečnosť  |2 SNKPH  |9 2672 
655 7 |a články  |2 SNKPH  |9 70601 
700 1 |a Parízek, Lukáš  |4 ive  |9 1318950 
773 0 |t Obrana  |g Roč. XXV, č. 10 (2017), s. 4-5  |x 1336-1910 
852 |a LMAOSK  |b KIS3GCP 
856 4 1 |u http://www.mosr.sk/data/disk/casopis/Obrana_10_2017.pdf 
958 |a NB 
999 |c 2657022  |d 2658952